00916nam a2200241 i 4500001000700000003000900007007000300016008004100019080001700060080001700077100002700094245008600121260004100207300002200248490003300270500002900303651007000332651005700402830004100459852003300500999001900533952012200552105584ES-MaACLt|060726s1970 fr ||||1| fre d a338(73:8.03) a338(8.03:73)1 aFurtado, Celso.95305714aLes Etats-Unis et le sous-développement de l'Amerique latine / cCelso Furtado. a[Paris] : bCalmann-Lévy, c[1970] a276 p. ; c21 cm.1 aPerspectives de l'économie aBiblioteca Juan Andrade. 4aEstados Unidos-xRelaciones económicas-zAmérica Latina98569 4aAmérica Latina-xRelaciones-zEstados Unidos977610 aPerspectives de l'économie9232752 aES-MaACLjAND-406 bR.109710 c105584d105584 00104070aATENEOMbATENEOMcDEPO2d2008-01-17eSCl0oAND-406p1110234r2023-02-23 00:00:00w2023-02-23yMONOGRAFIA